| 000 | 00735nam a2200229 i 4500 | ||
|---|---|---|---|
| 001 | 15852 | ||
| 003 | ES-MaACL | ||
| 005 | 20250921063021.0 | ||
| 007 | t| | ||
| 008 | 000508s1998 sp a |||| | spa j | ||
| 020 | _a84-606-2259-2 | ||
| 080 | _a821.134.2-32"19" | ||
| 100 | 0 |
_aRoldán Roldán, Miguel, _d1931- _999153 |
|
| 245 | 1 | 0 |
_aRelatos palaciegos / _cMiguel Roldán Roldán ; [ilustraciones, Juan Troncoso ... et al.]. |
| 250 | _a2ª ed. amp. | ||
| 260 |
_aLos Palacios y Villafranca : _bAteneo de Los Palacios, _c1998. |
||
| 300 |
_a141 p. : _bil. ; _c21 cm. |
||
| 700 | 1 |
_aTroncoso, Juan. _9111501 |
|
| 710 | 2 |
_aAteneo de Los Palacios (Sevilla) _91873 |
|
| 852 |
_aES-MaACL _jL-23071 |
||
| 999 |
_c15852 _d15852 |
||